LEADER 01459nam0-22003611i-450- 001 990007887930403321 005 20040528114656.0 035 $a000788793 035 $aFED01000788793 035 $a(Aleph)000788793FED01 035 $a000788793 100 $a20040520d19051909km-y0itay50------ba 101 0 $aita 102 $aIT 105 $aa---a---001yy 200 1 $aAtti del Comitato tecnico esecutivo$fMinistero dei lavori pubblici. Commissione per la navigazione interna 210 $aRoma$cTipografia della Camera dei Deputati$d1905- 215 $av.$d33 cm 307 $a2.: [89 tav.]; 3.: 411 p. [22 tav.]; 5.: 462 p. [26 tav.]; 6.: 405 p. [25 tav.] 327 0 $a2. : Valle del Po : il Po dal mare alla confluenza del Ticino$a3. : Valle del Po : sistemazione del Po in regolare alveo di magra. Canali laterali$a5. : Valle del Po : linee di collegamento alla rete di navigazione padana$a6. : Valle del Po : linee di penetrazione al Lago Maggiore ed al Lago di Como 610 0 $aNavigazione interna - Italia 676 $a627.1 710 02$aItalia.$bCommissione per la navigazione interna$0333312 801 0$aIT$bUNINA$gRICA$2UNIMARC 901 $aBK 912 $a990007887930403321 952 $a13 N 55 16$b14013$fFINBC 952 $a13 N 55 17$b14014$fFINBC 952 $a13 N 55 18$b14015$fFINBC 952 $a13 N 55 19$b14016$fFINBC 959 $aFINBC 996 $aAtti del Comitato tecnico esecutivo$9114654 997 $aUNINA LEADER 01132nam0-22003131i-450- 001 990000953960403321 005 20081028131827.0 035 $a000095396 035 $aFED01000095396 035 $a(Aleph)000095396FED01 035 $a000095396 100 $a20001205d1861----km-y0itay50------ba 101 0 $aita 105 $ay-------001yy 200 1 $aCollezione delle leggi de' decreti e di altri atti riguardanti la pubblica istruzione promulgati nel già Reame di Napoli dall'anno 1806 in poi 210 $aNapoli$cStamperia e cartiere del Fibreno$d1861-1863 327 1 $aVol. 1: Dal 1806 al 1820.$aVol. 2: Dal 1821 al 1848.$aVol. 3: Dal 1849 al 1861. 610 0 $aMiscellanea 710 02$aDue Sicilie$c$04598 801 0$aIT$bUNINA$gRICA$2UNIMARC 901 $aBK 912 $a990000953960403321 952 $a41-035$fFI1 952 $a41-035.A$fFI1 952 $a41-035.001$fFI1 952 $a41-035.002$fFI1 959 $aFI1 996 $aCollezione delle leggi de' decreti e di altri atti riguardanti la pubblica istruzione promulgati nel già Reame di Napoli dall'anno 1806 in poi$9357997 997 $aUNINA LEADER 01091nam--2200373---450- 001 990000449950203316 005 20050919095908.0 010 $a2-213-00673-3 035 $a0044995 035 $aUSA010044995 035 $a(ALEPH)000044995USA01 035 $a0044995 100 $a20010516d1978----km-y0itay0103----ba 101 $afre 102 $aFR 105 $a||||||||001yy 200 1 $aHistoire de la littérature française$ede 1940 à nos jours$fJacques Brenner 210 $aParis$cFayard$d1978 215 $a585 p.$d24 cm 410 $12001 606 0 $aLetteratura francese$xStoria$z1940- 676 $a840.912 700 1$aBRENNER,$bJacques$0188713 801 0$aIT$bsalbc$gISBD 912 $a990000449950203316 951 $aVI.4.C. 124(II f B 388)$b98335 LM$cII f B 388 959 $aBK 969 $aUMA 979 $aPATTY$b90$c20010516$lUSA01$h1510 979 $c20020403$lUSA01$h1653 979 $aPATRY$b90$c20040406$lUSA01$h1631 979 $aCOPAT3$b90$c20050919$lUSA01$h0959 996 $aHistoire de la littérature française$9889860 997 $aUNISA